00366nam a22001097a 4500020000800000040001600008082001800024100002600042245008300068260006200151300004300213 qHB. cFIZZA ISHAQ a330.9548bEPS aEpstein, T. Scarlett. aEconomic development and social change in south India /c T. Scarlett Epstein. aManchester, England:bManchester University Press,c1962. axvi , 353 P. : maps, tables ;c8.5 in